000 00710nam a2200217Ia 4500
003 GCL
008 140319s9999 xx 000 0 ara d
040 _aGCL /
_cGCL
082 0 4 _aد
_b050
_bه ب
100 1 _aالهيئة المصرية العامةللبترول
245 1 0 _aالبترول /
_cالهيئة المصرية العامةللبترول
260 _a[S.N] :
_bالهيئة المصرية العامة للبترول ،
_c1993
300 _aمتعدد
490 _aالجغرافيا الاسلامية
_v0
650 0 4 _aالاقتصاد
650 0 4 _aالبترول
650 0 4 _aالطاقة
650 0 4 _aالصناعة
650 0 4 _aالغاز الطبيعى
942 _2ddc
_cCF
999 _c27468
_d27468